Cartilla historial ó Método para estudiar la historia / (Record no. 154429)

MARC details
000 -LEADER
campo de control de longitud fija 00888nam a22001935i 4500
001 - NÚMERO DE CONTROL
campo de control 154429
003 - IDENTIFICADOR DE NÚMERO DE CONTROL
campo de control ES-MaACL
005 - FECHA Y HORA DE LA ÚLTIMA TRANSACCIÓN
campo de control 20230906205727.0
008 - DATOS DE LONGITUD FIJA--INFORMACIÓN GENERAL
campo de control de longitud fija 981105s1829 sp |||| | spa d
040 ## - FUENTE DE CATALOGACIÓN
Centro catalogador/agencia de origen CYL
Lengua de catalogación spa
Centro/agencia transcriptor CYL
100 1# - ENTRADA PRINCIPAL--NOMBRE DE PERSONA
Nombre de persona Gómez de la Cortina, José
Títulos y otros términos asociados al nombre Conde de la Cortina.
9 (RLIN) 57895
245 10 - MENCIÓN DEL TÍTULO
Título Cartilla historial ó Método para estudiar la historia /
Mención de responsabilidad, etc. por José Gomez de la Cortina.
260 ## - PUBLICACIÓN, DISTRIBUCIÓN, ETC.
Lugar de publicación, distribución, etc. Madrid :
Nombre del editor, distribuidor, etc. [s.n.],
Fecha de publicación, distribución, etc. 1829 (
Fabricante Imprenta de Don Eusebio Aguado)
300 ## - DESCRIPCIÓN FÍSICA
Extensión 74 p., [1] h. de grab. ;
Dimensiones 21 cm.
599 #1 - NOTA A LAS ILUSTRACIONES
NOTA A LAS ILUSTRACIONES La h. de grab calc.: "Esta medalla fué acuñada para perpetuar la memoria de D\pn\s Luis de Velasco y D\pn\s Vicente Gonzalez, defensores del Morro de la Havana durante la guerra de España con los Ingleses = año 1763"
740 0# - ENTRADA AGREGADA--TÍTULO RELACIONADO/ANALÍTICO NO CONTROLADO
Título relacionado o analítico no controlado Método para estudiar la historia.
752 ## - ENTRADA AGREGADA--NOMBRE JERÁRQUICO DEL LUGAR
País o entidad superior España -
Ciudad Madrid
852 ## - LOCALIZACIÓN
Ubicación ES-MaACL
Número de control de estantería G-15799
Nota libre -- Rúst.
Holdings
Estatus retirado Estado de pérdida Estado de daño No para préstamo Colección Biblioteca de origen Biblioteca actual Ubicación en estantería Fecha de adquisición Fuente de adquisición Total de préstamos Signatura topográfica completa Código de barras Visto por última vez Precio de reemplazo Tipo de ítem Koha
        Libros del s. XIX Biblioteca del Ateneo de Madrid Biblioteca del Ateneo de Madrid Sala Pecera Planta 3 17/01/2008     G-15799 1161500 23/02/2023 23/02/2023 Libro impreso antiguo